000 00497nam a2200169 a 4500
001 4073
005 20140414131845.0
008 081222s19uu xx 00 eng d
020 _a0-439-85878-X
050 _aM 220.9
_bSl1 2006
100 _aSlater, Teddy
245 _aJonah and the big fish /
_cadapted by Teddy Slater.
260 _aNew York :
_bScholastic,
_cc2006.
300 _a1 v. (unpaged) : col. ill. ; 2
650 _aJonah (Biblical prophet)
_xJuvenile literature.
999 _c109914
_d109914